000 01204cam a2200217 4500
001 WB@3612-118
008 041110n2004 000 0 eng u
035 _a(Sirsi) u127931
245 _aOff-shoring on the increase
260 _c2004
490 _aCBI News Release
_v8 November 2004 (4)
520 _aThe CBI has warned that companies are under growing pressure to relocate parts of their business overseas. The argument is that the benefits of off-shoring outweigh the drawbacks and that it increases productivity, profitability and economic growth. CBI and Alba have jointly published a MORI survey and results show that 51% of respondents said pressure to off-shore has increased over the past two years. 31% of those had already taken some activities overseas and almost one in four are considering doing so in the future. The survey is available from the website. http://www.cbi.org.uk/ndbs/press.nsf/0363c1f07c6ca 12a8025671c00381cc7/e24077913ad853b480256f42004a30 89?OpenDocument
590 _aWB
590 _aWB
650 _aCALL CENTRES
650 _aOUTSOURCING
650 _aOFFICE MARKET
650 _aOFF-SHORING
690 _aBusiness and management
_96226
942 _n0
999 _c118285
_d118285